00590nam a22001697a 450000500170000001000150001702000260003203500140005803700130007208200080008510000310009324500590012426000420018327001320022530000250035750000380038220190927102850.0 aENG-126563 c995.00a9788178442068 aEN-110095 bDBAD/PUB a301 aMandal , Bindeshwar Prasad aA Handbook of Sociology /cBy Bindeshwar Prasad Mandal aNew Delhi bK. K. Publications c2018 bNew Delhia4806/24, Bharat Ram Road, Daryaganje110002k011-47340207 , 23285167mkkpdevinder@vsnl.netminfo@kkpublications.com avii304p.c23cm,(hbk) aIncluding Index And Bibliography.